| 000 | 00642nam a22002297a 4500 | ||
|---|---|---|---|
| 001 | BD-DhSAU 937 | ||
| 003 | BD-DhSAU | ||
| 005 | 20191211103808.0 | ||
| 008 | 150108b2003 ibg ||||r|||| 001 0 eng d | ||
| 020 | _a8185386137 | ||
| 040 | _aBD-DhSAU | ||
| 082 |
_222 _a657 _bT2792 |
||
| 100 | _aTerry, George R.. | ||
| 245 |
_aPrinciples of management / _cGeorge R.Terry, |
||
| 260 |
_aNew Delhi : _bA.I.T.B.S. Publilshers and Distriutors ; _cc2003. |
||
| 300 |
_axvii, 614 p. : _bil _c22 cm. |
||
| 504 | _aInclude index and Bibliography. | ||
| 590 | _akamim | ||
| 650 | _aManagement | ||
| 700 | _aFranklin, Stephen G. | ||
| 942 |
_2ddc _cBOOK |
||
| 999 |
_c14827 _d14826 |
||